Statistics for North America - Map Quiz

Click here to take the quiz!

General Stats

  • This quiz has been taken 31 times
  • The average score is 10 of 15

Answers on the Map

Answers color-coded by a green-red scale on the quiz's map according to % correct below.
 

Answer Stats

Answer% Correct
Canada
92%
Mexico
92%
Belize
84%
Nicaragua
84%
U. S. A.
84%
Panama
80%
Costa Rica
76%
El Salvador
76%
Guatemala
76%
Saint Lucia
52%
Saint Vincent and The Grenadines
52%
Antigua & Barbuda
48%
Saint Kitts and Nevis
48%
Grenada
36%
The Honduras
32%

Score Distribution

Percentile by Number Answered

Percent of People with Each Score

Your Score History

You have not taken this quiz